Most "Player of the Month" Awards - Statistics

General Stats
  • This quiz has been taken 5 times
  • The average score is 12 of 17
Answer Stats
Times won Team they won with Year Span Answer % Correct
11 Yankees (11) 2017 - 2025 Aaron Judge
100%
13 Giants (9) Pirates (4) 1990 - 2004 Barry Bonds
100%
7 Cardinals (6) Angels (1) 2003 - 2015 Albert Pujols
80%
10 Mariners (1) Rangers (3)Yankees (6) 1996 - 2010 Alex Rodriguez
80%
5 Pirates (5) 2012 - 2017 Andrew McCutchen
80%
4 Phillies (2) Nationals (2) 2015 - 2024 Bryce Harper
80%
8 White Sox (8) 1991 - 1997 Frank Thomas
80%
6 Royals (6) 1980 - 1990 George Brett
80%
6 Tigers (6) 2008 - 2016 Miguel Cabrera
80%
5 Angels (5) 2012 - 2018 Mike Trout
80%
6 Angels (4) Dodgers (2) 2021 - 2025 Shohei Ohtani
80%
6 Braves (6) 1980 - 1986 Dale Murphy
60%
4 Cardinals (3) Rockies (1) 2015 - 2022 Nolan Arenado
60%
6 Reds (6) 1965 - 1979 Pete Rose
60%
4 Braves (4) 2021 - 2023 Ronald Acuña Jr.
60%
6 Athletics (2) Yankees (4) 2002 - 2006 Jason Giambi
40%
6 Reds (6) 1976 - 1979 George Foster
20%
No matching quizzes found
Score Distribution
Percent of People with Each Score
Percentile by Number Answered
Your Score History
You have not taken this quiz